000 01344nam a2200385 i 4500
001 40713
003 KOSZ 005
005 20220916112456.0
008 980306s1997 pl |000 0 pol
015 _aPB 2214/98
020 _a8386543973
040 _aWA N
_cWA N
_dKOSZ 005/HR
046 _k1997
080 _a336.717.16
080 _a(075.8)
100 1 _aJaruga, Alicja
_d(1928-2011)
_eAutor
245 1 0 _aRachunkowość finansowa banków :
_bwzorcowy Plan Kont dla Banków '97 /
_cAlicja Jarugowa, Monika Marcinkowska, Jerzy Marcinkowski ; Fundacja Rozwoju Rachunkowości w Polsce.
260 _aWarszawa :
_bFRR,
_c1997.
300 _a484 s. ;
_c24 cm.
380 _aKsiążki
388 _a1901-2000
388 _a1989-2000
504 _aBibliogr. s. 479-484.
650 4 _aBanki
650 4 _aRachunkowość finansowa
650 4 _aKonto
650 4 _aPlan kont
655 4 _aPodręczniki akademickie
658 _aGospodarka, ekonomia, finanse
700 1 _aMarcinkowska, Monika
_d(1973- )
_eAutor
700 1 _aMarcinkowski, Jerzy
_eAutor
856 _uhttp://koha.tu.koszalin.pl/cgi-bin/koha/opac-detail.pl?biblionumber=40713
_yKatalog online BPK
942 _2UKD
_cKS
999 _c40713
_d40713